000 00305nam a22001337a 4500
008 190305b xxu||||| |||| 00| 0 eng d
020 _a9780721694290
041 _aeng
080 _a617
100 _a5
101 _aKIR
245 _aAtlas of Cervical Spine Surgery
_cMcLaughlin, M,R
942 _2udc
_cBK
999 _c54555
_d54555